00850nam a2200217Ia 4500008004100000020002200041040001800063041000800081060001100089245012100100250001100221260006000232300006500292504005300357650005200410650005100462650002800513650001700541700004300558700003100601130821s2012 xxuao gr eng  a978 0 323 05913 8 aCo-BoUCMbspa00aeng aWF 14500aCardiovascular and pulmonary physical therapy evidence to practicec[editado] por Donna Frownfelter, Elizabeth Dean a5a ed. aSan Luis (Misuri, Estados Unidos)bElsevier/Mosbyc2012 axii, 819 páginasbilustraciones, gráficas, fotografías aIncluye referencias bibliográficas e índice. aEnfermedades cardiovascularesxRehabilitación aEnfermedades de los pulmonesxRehabilitación aFisioterapiavMétodos aNeumología1 aDean, Elizabethq (Elizabeth W.).eed.1 aFrownfelter, Donna L.eed.